Pays par une seule indice #4 - Statistiques

Statistiques générales
  • Ce quiz a été pris 214 fois
  • Le résultat moyen est 12 sur 20
Statistiques - réponses
indice pays % Correct
Le seul pays dont le nom commence par Y Yémen
93%
Ses langues officielles sont le français, le néerlandais et l'allemand Belgique
88%
Le plus grand pays d'Afrique par zone terrestre Algérie
87%
Le plus au nord des trois républiques baltes Estonie
81%
Le seul pays d'Amérique du Sud qui parle néerlandais Suriname
80%
Pays qui est le plus à l'est sur le territoire continental d'Afrique Somalie
77%
Pays le plus peuplé d'Afrique Nigeria
76%
La Chine pense que ce pays leur appartient Taïwan
76%
Contient la plus grande partie de la région ancienne de la Mésopotamie Irak
66%
Lieu de naissance du pape Jean-Paul II Pologne
66%
Le seul pays où il est possible qu'un lion sauvage rencontre un tigre sauvage Inde
63%
Devenu indépendant de l'Indonésie en 2002 Timor-leste
60%
Pays océanique nommé pour un roi biblique Salomon
53%
Hébergé et remporté la première Coupe du monde de football Uruguay
48%
Sa capitale est située sur la mer Caspienne Azerbaïdjan
45%
Sa capitale se trouve sur la rivière Dnieper Ukraine
41%
Là où la formation en dance-fitness appelée "Zumba" a été créée Colombie
28%
Situé sur la crête de l'Atlantique moyen Islande
24%
Célébration de "Mort à l'Amérique Jour" le 4 novembre 1987 Iran
15%
Le roi Sobhuza régnait de 1899 à 1982 Swaziland
9%
Aucun quiz correspondant
Distribution des résultats
% des personnes avec chaque résultat
Percentile par nombre de réponses
Votre historique - résultats
Vous n’avez pas pris ce quiz